[Event "POL-chT 2st League"]
[Site "Mrzezyno"]
[Date "2010.09.10"]
[Round "7.58"]
[White "Pigula, Marek"]
[Black "Fudalej, Grzegorz"]
[Result "1/2-1/2"]
[WhiteElo "2087"]
[BlackElo "2160"]
[PlyCount "59"]
[EventDate "2010.09.04"]
[EventType "team-swiss"]
[EventRounds "9"]
[EventCountry "POL"]
[SourceTitle "EXT 2019"]
[Source "ChessBase"]
[SourceDate "2018.10.10"]
[SourceVersion "1"]
[SourceVersionDate "2018.10.10"]
[SourceQuality "1"]
[WhiteTeam "Bogatynia UKS SP3"]
[BlackTeam "Mikolow AKS"]
[WhiteTeamCountry "POL"]
[BlackTeamCountry "POL"]

1. e4 c6 2. d4 d5 3. e5 g6 4. Nf3 Bg7 5. Be2 Nh6 6. c4 0-0 7. b3 f6 8. exf6 exf6 9. Bb2 Be6 10. Nbd2 Nd7 11. 0-0 Re8 12. Re1 Nb6 13. Rc1 Qd7 14. Nf1 Rad8 15. Ne3 Nf5 16. Nxf5 Bxf5 17. Qd2 Be6 18. Qf4 Bf7 19. c5 Re4 20. Qd2 Nc8 21. Bd3 Rxe1+ 22. Rxe1 Re8 23. Rxe8+ Qxe8 24. Qf4 Be6 25. Bc1 Qd7 26. h3 a6 27. Bd2 Ne7 28. g4 g5 29. Qb8+ Qc8 30. Qg3 1/2-1/2

[Event "POL-chT 2st League"]
[Site "Mrzezyno"]
[Date "2010.09.08"]
[Round "5.52"]
[White "Pigula, Marek"]
[Black "Zysko, Jan"]
[Result "1/2-1/2"]
[WhiteElo "2087"]
[BlackElo "2164"]
[PlyCount "81"]
[EventDate "2010.09.04"]
[EventType "team-swiss"]
[EventRounds "9"]
[EventCountry "POL"]
[SourceTitle "EXT 2019"]
[Source "ChessBase"]
[SourceDate "2018.10.10"]
[SourceVersion "1"]
[SourceVersionDate "2018.10.10"]
[SourceQuality "1"]
[WhiteTeam "Bogatynia UKS SP3"]
[BlackTeam "Wroclaw KS Polonia II"]
[WhiteTeamCountry "POL"]
[BlackTeamCountry "POL"]

1. e4 c5 2. Nf3 Nc6 3. d4 cxd4 4. Nxd4 e6 5. Nc3 Qc7 6. Be3 a6 7. Bd3 Nf6 8. Nxc6 bxc6 9. f4 d5 10. e5 Nd7 11. Ne2 Nc5 12. 0-0 Be7 13. Rf3 a5 14. Rc1 Qb8 15. b3 g6 16. c4 Nxd3 17. Qxd3 0-0 18. Nd4 Bd7 19. cxd5 cxd5 20. Rf2 Qb7 21. Rfc2 Rfc8 22. a4 Ba3 23. Rxc8+ Rxc8 24. Rxc8+ Qxc8 25. Nb5 Bb4 26. Kf2 Qd8 27. g3 Qc8 28. Ke2 h5 29. Kd1 d4 30. Bxd4 Qb7 31. Bf2 Qh1+ 32. Ke2 Bc6 33. Nd4 Be4 34. Qc4 Bg2 35. Qc8+ Kh7 36. Qc7 Qf1+ 37. Ke3 Kh6 38. Qc8 Kg7 39. Qc7 Kh6 40. Qc8 Kg7 41. Qc7 1/2-1/2

[Event "POL-chT 2st League"]
[Site "Mrzezyno"]
[Date "2010.09.06"]
[Round "3.88"]
[White "Suchocki, Tomasz"]
[Black "Pigula, Marek"]
[Result "0-1"]
[WhiteElo "1976"]
[BlackElo "2087"]
[PlyCount "82"]
[EventDate "2010.09.04"]
[EventType "team-swiss"]
[EventRounds "9"]
[EventCountry "POL"]
[SourceTitle "EXT 2019"]
[Source "ChessBase"]
[SourceDate "2018.10.10"]
[SourceVersion "1"]
[SourceVersionDate "2018.10.10"]
[SourceQuality "1"]
[WhiteTeam "Izabelin SSz Parazauroloff"]
[BlackTeam "Bogatynia UKS SP3"]
[WhiteTeamCountry "POL"]
[BlackTeamCountry "POL"]

1. d4 Nf6 2. c4 g6 3. Nc3 Bg7 4. e4 d6 5. Nf3 0-0 6. h3 e5 7. d5 Nbd7 8. Bg5 h6 9. Be3 Nc5 10. Nd2 a5 11. a3 Nh5 12. g3 Bd7 13. Be2 Nf6 14. b4 axb4 15. axb4 Rxa1 16. Qxa1 Na6 17. Qa3 Ne8 18. g4 f5 19. gxf5 gxf5 20. exf5 Bxf5 21. Bg4 Bg6 22. Be6+ Kh7 23. h4 Nf6 24. c5 Nh5 25. c6 Nf4 26. Bxf4 Rxf4 27. cxb7 Bd3 28. b5 Nb8 29. Qa8 e4 30. Nd1 Bd4 31. Bc8 Qf6 32. Qxb8 e3 33. Qxc7+ Kh8 34. fxe3 Bxe3 35. b8Q Bf2+ 36. Nxf2 Qa1+ 37. Nd1 Qe5+ 38. Ne4 Rxe4+ 39. Kd2 Qf4+ 40. Kxd3 Qf3+ 41. Kc2 Re2+ 0-1

[Event "POL-chT U19 1st League"]
[Site "Chotowa"]
[Date "2009.07.??"]
[Round "6"]
[White "Pigula, Marek"]
[Black "Klekowski, Maciej"]
[Result "0-1"]
[WhiteElo "2131"]
[BlackElo "2292"]
[PlyCount "115"]
[EventDate "2009.07.06"]
[EventType "team-tourn"]
[EventRounds "9"]
[EventCountry "POL"]
[SourceTitle "EXT 2012"]
[Source "ChessBase"]
[SourceDate "2011.11.24"]
[SourceVersion "1"]
[SourceVersionDate "2011.11.24"]
[SourceQuality "1"]
[WhiteTeam "Bogatynia UKS SP3 U19"]
[BlackTeam "Czestochowa UKS Hetman U19"]
[WhiteTeamCountry "POL"]
[BlackTeamCountry "POL"]

1. e4 c5 2. Nf3 Nc6 3. d4 cxd4 4. Nxd4 Nf6 5. Nc3 e5 6. Ndb5 d6 7. Bg5 a6 8. Na3 b5 9. Nd5 Be7 10. Bxf6 Bxf6 11. c4 b4 12. Nc2 a5 13. Be2 Bg5 14. 0-0 0-0 15. Qd3 Be6 16. Rfd1 Bxd5 17. Qxd5 Qb6 18. b3 Rfd8 19. Bg4 g6 20. Qd3 Kg7 21. Qg3 Ne7 22. Rd3 Ra7 23. Rad1 Bf4 24. Qh4 f5 25. Bf3 h6 26. g3 Bg5 27. Qh3 a4 28. Qf1 axb3 29. axb3 Ra2 30. Qe2 h5 31. h4 Bh6 32. Kg2 f4 33. g4 hxg4 34. Bxg4 f3+ 35. Rxf3 Ng8 36. Kh3 Nf6 37. Rg1 Bf4 38. Bf5 Kf7 39. Bxg6+ Ke7 40. Bf5 Rg8 41. Rxg8 Nxg8 42. Qd3 Nf6 43. Ne3 Bxe3 44. fxe3 Ra1 45. Qe2 Rh1+ 46. Kg2 Rxh4 47. Qf2 Rh8 48. Rg3 Qd8 49. Qa2 Qb6 50. Qa4 Kf7 51. Bg6+ Ke7 52. Bf5 Rf8 53. Rg7+ Rf7 54. Rg3 Qb7 55. Rg6 Kf8 56. Qa5 Ne8 57. Kf2 Qxe4 58. Ke1 0-1

[Event "POL-chT U19 1st League"]
[Site "Chotowa"]
[Date "2009.07.??"]
[Round "4"]
[White "Pigula, Marek"]
[Black "Strzemiecki, Zbigniew"]
[Result "0-1"]
[WhiteElo "2131"]
[BlackElo "2314"]
[PlyCount "54"]
[EventDate "2009.07.06"]
[EventType "team-tourn"]
[EventRounds "9"]
[EventCountry "POL"]
[SourceTitle "EXT 2012"]
[Source "ChessBase"]
[SourceDate "2011.11.24"]
[SourceVersion "1"]
[SourceVersionDate "2011.11.24"]
[SourceQuality "1"]
[WhiteTeam "Bogatynia UKS SP3 U19"]
[BlackTeam "Warszawa Polonia U19"]
[WhiteTeamCountry "POL"]
[BlackTeamCountry "POL"]

1. e4 e6 2. d4 d5 3. Nd2 Be7 4. Ngf3 Nf6 5. Bd3 c5 6. dxc5 dxe4 7. Nxe4 Nxe4 8. Bxe4 Qxd1+ 9. Kxd1 Bxc5 10. Ne5 0-0 11. f4 f6 12. Nd3 Bb6 13. Ke2 Nc6 14. c3 e5 15. f5 Ne7 16. g4 Rd8 17. Be3 Bxe3 18. Kxe3 g6 19. Rhf1 Kg7 20. fxg6 hxg6 21. g5 Nf5+ 22. Bxf5 gxf5 23. gxf6+ Kxf6 24. Nc5 Be6 25. Rad1 Bd5 26. c4 f4+ 27. Kf2 Bxc4 0-1

[Event "POL-chT U19 1st League"]
[Site "Chotowa"]
[Date "2009.07.??"]
[Round "7"]
[White "Smola, Michal"]
[Black "Pigula, Marek"]
[Result "1/2-1/2"]
[WhiteElo "2231"]
[BlackElo "2131"]
[PlyCount "71"]
[EventDate "2009.07.06"]
[EventType "team-tourn"]
[EventRounds "9"]
[EventCountry "POL"]
[SourceTitle "EXT 2012"]
[Source "ChessBase"]
[SourceDate "2011.11.24"]
[SourceVersion "1"]
[SourceVersionDate "2011.11.24"]
[SourceQuality "1"]
[WhiteTeam "Czarna LKSz GCKiP U19"]
[BlackTeam "Bogatynia UKS SP3 U19"]
[WhiteTeamCountry "POL"]
[BlackTeamCountry "POL"]

1. e4 c5 2. Nc3 d6 3. f4 Nc6 4. Nf3 g6 5. Bc4 Bg7 6. 0-0 e6 7. f5 Nf6 8. fxe6 fxe6 9. d3 0-0 10. Bg5 h6 11. Bh4 g5 12. Bg3 Nh5 13. Bf2 Nf4 14. Bb3 Qf6 15. Nb5 Qd8 16. d4 a6 17. Nc3 g4 18. Nh4 cxd4 19. Ne2 Nxe2+ 20. Qxe2 Qg5 21. Nf5 Be5 22. Qxg4 Kh7 23. Qxg5 hxg5 24. Ng3 Na5 25. Ne2 Nxb3 26. axb3 d3 27. cxd3 Bxb2 28. Be3 Bd7 29. Rxf8 Rxf8 30. Rb1 Bf6 31. Rc1 Bc6 32. Rf1 Kg6 33. h4 gxh4 34. Nf4+ Kf7 35. Nh5 Kg6 36. Nf4+ 1/2-1/2

[Event "POL-ch U18"]
[Site "Chotowa"]
[Date "2009.04.05"]
[Round "11"]
[White "Pigula, Marek"]
[Black "Zadlo, Tomasz"]
[Result "1/2-1/2"]
[WhiteElo "2167"]
[BlackElo "2080"]
[PlyCount "60"]
[EventDate "2009.03.28"]
[EventType "swiss"]
[EventRounds "11"]
[EventCountry "POL"]
[SourceTitle "EXT 2018"]
[Source "ChessBase"]
[SourceDate "2017.10.13"]
[SourceVersion "1"]
[SourceVersionDate "2017.10.13"]
[SourceQuality "1"]

1. Nf3 d5 2. g3 c6 3. Bg2 Nd7 4. d3 e5 5. e4 dxe4 6. dxe4 Ngf6 7. 0-0 Be7 8. Nbd2 0-0 9. b3 Qc7 10. Bb2 Ne8 11. Nc4 f6 12. Nh4 Nb6 13. Ne3 Be6 14. f4 Bc5 15. Qe2 Nd7 16. Kh1 Nd6 17. Rad1 Rad8 18. Ng4 exf4 19. gxf4 Rfe8 20. f5 Bf7 21. Bf3 h5 22. Nf2 Bxf2 23. Rxf2 Ne5 24. Bxe5 Rxe5 25. Bxh5 Bxh5 26. Qxh5 Nxe4 27. Rxd8+ Qxd8 28. Rf1 Ng5 29. Ng6 Qd5+ 30. Kg1 Qd4+ 1/2-1/2

[Event "POL-ch U18"]
[Site "Chotowa"]
[Date "2009.03.30"]
[Round "3"]
[White "Kowalski, Lukasz"]
[Black "Pigula, Marek"]
[Result "1/2-1/2"]
[WhiteElo "2082"]
[BlackElo "2167"]
[PlyCount "31"]
[EventDate "2009.03.28"]
[EventType "swiss"]
[EventRounds "11"]
[EventCountry "POL"]
[SourceTitle "EXT 2011"]
[Source "ChessBase"]
[SourceDate "2010.11.26"]
[SourceVersion "1"]
[SourceVersionDate "2010.11.26"]
[SourceQuality "1"]

1. e4 e5 2. Nf3 Nc6 3. Bb5 a6 4. Ba4 Nf6 5. 0-0 Be7 6. Re1 b5 7. Bb3 d6 8. c3 0-0 9. h3 Bb7 10. d4 Re8 11. Ng5 Rf8 12. Nf3 Re8 13. Ng5 Rf8 14. Nf3 Re8 15. Ng5 Rf8 16. Nf3 1/2-1/2

[Event "POL-chT U19 1th League"]
[Site "Gorzow Wielkopolski"]
[Date "2008.07.10"]
[Round "6.19"]
[White "Kaczmarek, Maciej"]
[Black "Pigula, Marek"]
[Result "1/2-1/2"]
[WhiteElo "2019"]
[BlackElo "2182"]
[PlyCount "49"]
[EventDate "2008.07.05"]
[EventType "team-tourn"]
[EventRounds "9"]
[EventCountry "POL"]
[SourceTitle "EXT 2019"]
[Source "ChessBase"]
[SourceDate "2018.10.10"]
[SourceVersion "1"]
[SourceVersionDate "2018.10.10"]
[SourceQuality "1"]
[WhiteTeam "Wroclaw MUKS MDK Srodmiescie U19"]
[BlackTeam "Bogatynia UKS SP3 U19"]
[WhiteTeamCountry "POL"]
[BlackTeamCountry "POL"]

1. d4 Nf6 2. Nf3 g6 3. Bf4 Bg7 4. e3 0-0 5. Be2 d6 6. h3 Nbd7 7. 0-0 c5 8. c3 b6 9. Nbd2 Bb7 10. a4 Rc8 11. a5 Rc7 12. axb6 axb6 13. Qb3 Qb8 14. Bh2 Bc6 15. Bb5 Qb7 16. Ba6 Qb8 17. Bb5 Qb7 18. Ba6 Qb8 19. Bb5 Qb7 20. Ba6 Qb8 21. Bb5 Qb7 22. Ba6 Qb8 23. Bb5 Bd5 24. c4 Bb7 25. d5 1/2-1/2

[Event "Szklarska Poreba op"]
[Site "Szklarska Poreba"]
[Date "2008.06.26"]
[Round "7.7"]
[White "Pigula, Marek"]
[Black "Wisniowska, Klaudia"]
[Result "1-0"]
[WhiteElo "2195"]
[BlackElo "1897"]
[PlyCount "71"]
[EventDate "2008.06.21"]
[EventType "swiss"]
[EventRounds "9"]
[EventCountry "POL"]
[SourceTitle "EXT 2023"]
[Source "ChessBase"]
[SourceDate "2022.10.05"]
[SourceVersion "1"]
[SourceVersionDate "2022.10.05"]
[SourceQuality "1"]

1. e4 c5 2. Nf3 Nc6 3. d4 cxd4 4. Nxd4 Nf6 5. Nc3 d6 6. Bc4 Qb6 7. Nxc6 bxc6 8. 0-0 g6 9. Qe1 Qc5 10. b3 Bg7 11. Bb2 0-0 12. Na4 Qh5 13. h3 d5 14. Be2 Qh4 15. e5 Ne4 16. Bd3 Qf4 17. Bxe4 dxe4 18. Qc3 Ba6 19. Rfe1 Bc8 20. Nc5 Rd8 21. Rxe4 Qg5 22. f4 Qh5 23. Rae1 f5 24. Rd4 Rd5 25. Rxd5 cxd5 26. Qd3 e6 27. Qb5 Qh4 28. Rf1 Bf8 29. Nxe6 Bxe6 30. Qc6 Qe7 31. Qxa8 Qc5+ 32. Kh1 Qxc2 33. Ba3 Qc8 34. Qxc8 Bxc8 35. Bxf8 Kxf8 36. Rc1 1-0

[Event "POL-ch U18"]
[Site "Leba"]
[Date "2008.04.05"]
[Round "10"]
[White "Pigula, Marek"]
[Black "Kopczynski, Michal"]
[Result "1-0"]
[WhiteElo "2195"]
[BlackElo "2226"]
[PlyCount "63"]
[EventDate "2008.03.29"]
[EventType "swiss"]
[EventRounds "11"]
[EventCountry "POL"]
[SourceTitle "CBM 123 Extra"]
[Source "ChessBase"]
[SourceDate "2008.05.06"]
[SourceVersion "1"]
[SourceVersionDate "2008.05.06"]
[SourceQuality "1"]

1. Nf3 d5 2. g3 Nf6 3. Bg2 Bf5 4. d3 e6 5. c4 c6 6. Nbd2 Be7 7. 0-0 h6 8. b3 Nbd7 9. Bb2 Qc7 10. Rc1 0-0 11. Rc2 Bh7 12. Qa1 a5 13. Ne5 a4 14. b4 a3 15. Bd4 Ra4 16. Rb1 Nb6 17. c5 Nc8 18. b5 Ne8 19. f4 cxb5 20. Rxb5 Na7 21. Rb6 f6 22. c6 bxc6 23. Nxc6 Kh8 24. Bf2 Nd6 25. Qc1 Rc8 26. Nb3 Nab5 27. Nxe7 Qxc2 28. Nxc8 Qxa2 29. Nxd6 Nxd6 30. Rb8+ Bg8 31. Qc6 Qb1+ 32. Bf1 1-0

[Event "POL-ch sf"]
[Site "Chotowa"]
[Date "2007.11.09"]
[Round "7.12"]
[White "Kanarek, Marcel"]
[Black "Pigula, Marek"]
[Result "1-0"]
[WhiteElo "2226"]
[BlackElo "1789"]
[PlyCount "49"]
[EventDate "2007.11.03"]
[EventType "swiss"]
[EventRounds "9"]
[EventCountry "POL"]
[SourceTitle "EXT 2023"]
[Source "ChessBase"]
[SourceDate "2022.10.05"]
[SourceVersion "1"]
[SourceVersionDate "2022.10.05"]
[SourceQuality "1"]

1. e4 d6 2. d4 Nf6 3. Nc3 g6 4. f4 Bg7 5. Nf3 c5 6. Bb5+ Bd7 7. Bxd7+ Nfxd7 8. Be3 0-0 9. 0-0 Nc6 10. d5 Na5 11. Qd3 a6 12. a4 Rb8 13. e5 dxe5 14. f5 Qb6 15. Ng5 Nf6 16. Nce4 Rbc8 17. fxg6 hxg6 18. d6 Nxe4 19. Qxe4 Qb4 20. dxe7 Rfe8 21. Qf3 Rxe7 22. Qh3 Rcc7 23. Qh7+ Kf8 24. Qxg6 Rc6 25. Rxf7+ 1-0

[Event "POL-ch sf"]
[Site "Chotowa"]
[Date "2007.11.06"]
[Round "4"]
[White "Pigula, Marek"]
[Black "Lis, Marek"]
[Result "1-0"]
[WhiteElo "2141"]
[BlackElo "1991"]
[PlyCount "69"]
[EventDate "2007.11.03"]
[EventType "swiss"]
[EventRounds "9"]
[EventCountry "POL"]
[SourceTitle "EXT 2010"]
[Source "ChessBase"]
[SourceDate "2010.11.25"]
[SourceVersion "1"]
[SourceVersionDate "2010.11.25"]
[SourceQuality "1"]

1. Nf3 d6 2. e4 c5 3. d4 cxd4 4. Qxd4 Nc6 5. Bb5 Bd7 6. Bxc6 Bxc6 7. Nc3 Nf6 8. Bg5 e6 9. 0-0-0 Be7 10. Qd3 0-0 11. h4 Qa5 12. Nd4 Rfc8 13. Kb1 a6 14. Nb3 Qc7 15. Bf4 b5 16. f3 b4 17. Ne2 Bb5 18. Qd2 a5 19. h5 Qc4 20. Nbc1 a4 21. h6 b3 22. cxb3 axb3 23. axb3 Qc6 24. Nc3 d5 25. hxg7 dxe4 26. Be5 Qc5 27. Qf4 exf3 28. gxf3 Rd8 29. Rxd8+ Bxd8 30. Bxf6 Bxf6 31. Qxf6 Ba6 32. Rd1 Qc7 33. Rd4 Bb7 34. Nd3 Qg3 35. Ne5 1-0

[Event "Rewal op-A 12th"]
[Site "Rewal"]
[Date "2007.08.29"]
[Round "9"]
[White "Pigula, Marek"]
[Black "Maryasin, Boris Feliksovich"]
[Result "1/2-1/2"]
[WhiteElo "2141"]
[BlackElo "2321"]
[PlyCount "73"]
[EventDate "2007.08.20"]
[EventType "swiss"]
[EventRounds "9"]
[EventCountry "POL"]
[SourceTitle "CBM 120 Extra"]
[Source "ChessBase"]
[SourceDate "2007.11.01"]
[SourceVersion "1"]
[SourceVersionDate "2007.11.01"]
[SourceQuality "1"]

1. e4 c5 2. Nf3 Nc6 3. d4 cxd4 4. Nxd4 Qb6 5. Nb3 Nf6 6. Nc3 e6 7. Bd3 a6 8. Qe2 Qc7 9. 0-0 Be7 10. f4 d6 11. Bd2 b5 12. Rae1 Bb7 13. a3 0-0 14. Rf3 b4 15. Nd1 bxa3 16. e5 dxe5 17. fxe5 Nxe5 18. Qxe5 Qxe5 19. Rxe5 Bxf3 20. gxf3 axb2 21. Nxb2 Nd5 22. Re4 Rfc8 23. Na4 Rab8 24. Kf1 Bb4 25. Ke2 a5 26. Nxa5 f5 27. Rd4 Bxd2 28. Kxd2 Kf7 29. Nb3 Rb4 30. Rxb4 Nxb4 31. Nac5 g5 32. Ke3 h5 33. Bc4 Nxc2+ 34. Kd2 Nd4 35. Nxd4 Rxc5 36. Bxe6+ Kf6 37. Bxf5 1/2-1/2

[Event "Rewal op-A 12th"]
[Site "Rewal"]
[Date "2007.08.26"]
[Round "6"]
[White "Szymanski, Andrzej"]
[Black "Pigula, Marek"]
[Result "1/2-1/2"]
[WhiteElo "2251"]
[BlackElo "2141"]
[PlyCount "64"]
[EventDate "2007.08.20"]
[EventType "swiss"]
[EventRounds "9"]
[EventCountry "POL"]
[SourceTitle "CBM 120 Extra"]
[Source "ChessBase"]
[SourceDate "2007.11.01"]
[SourceVersion "1"]
[SourceVersionDate "2007.11.01"]
[SourceQuality "1"]

1. d4 Nf6 2. c4 g6 3. Nc3 Bg7 4. e4 d6 5. Nf3 0-0 6. Be2 e5 7. d5 Nbd7 8. Bg5 a5 9. Nd2 h6 10. Be3 Nc5 11. a3 Bd7 12. b4 axb4 13. axb4 Rxa1 14. Qxa1 Na6 15. Qa3 Ng4 16. Bxg4 Bxg4 17. c5 f5 18. f3 f4 19. Bf2 Bc8 20. 0-0 g5 21. cxd6 Qxd6 22. Ra1 Qg6 23. b5 Nb8 24. Qe7 g4 25. Ra8 gxf3 26. Nxf3 Bh3 27. Nh4 Qg4 28. Qe6+ Qxe6 29. dxe6 Bxe6 30. Ng6 Re8 31. Ba7 Kf7 32. Rxb8 Rxb8 1/2-1/2

[Event "Rewal op-A 12th"]
[Site "Rewal"]
[Date "2007.08.25"]
[Round "5"]
[White "Pigula, Marek"]
[Black "Nguyen, Piotr"]
[Result "1/2-1/2"]
[WhiteElo "2141"]
[BlackElo "2283"]
[PlyCount "63"]
[EventDate "2007.08.20"]
[EventType "swiss"]
[EventRounds "9"]
[EventCountry "POL"]
[SourceTitle "CBM 120 Extra"]
[Source "ChessBase"]
[SourceDate "2007.11.01"]
[SourceVersion "1"]
[SourceVersionDate "2007.11.01"]
[SourceQuality "1"]

1. Nf3 g6 2. e4 Bg7 3. c4 d6 4. Nc3 e5 5. d4 Bg4 6. dxe5 Bxf3 7. Qxf3 dxe5 8. Be3 Nc6 9. c5 Nge7 10. Bc4 0-0 11. 0-0 Na5 12. Rad1 Qc8 13. Qe2 Kh8 14. b4 Nxc4 15. Qxc4 f5 16. f3 f4 17. Bf2 g5 18. Rd3 g4 19. Rfd1 gxf3 20. Rxf3 Rg8 21. Qf7 Qg4 22. Rdd3 Raf8 23. Qc4 Bh6 24. g3 Ng6 25. Be1 fxg3 26. Rxg3 Qf4 27. Rd1 Nh4 28. Qe2 Nf3+ 29. Kh1 Nd4 30. Qg2 Qf1+ 31. Qg1 Qxg1+ 32. Kxg1 1/2-1/2

[Event "POL-chT U19 2nd League"]
[Site "Lublin"]
[Date "2007.07.12"]
[Round "8"]
[White "Jacel, Lukasz"]
[Black "Pigula, Marek"]
[Result "0-1"]
[WhiteElo "1945"]
[BlackElo "2141"]
[PlyCount "47"]
[EventDate "2007.07.07"]
[EventType "team-swiss"]
[EventRounds "11"]
[EventCountry "POL"]
[SourceTitle "EXT 2010"]
[Source "ChessBase"]
[SourceDate "2010.11.25"]
[SourceVersion "1"]
[SourceVersionDate "2010.11.25"]
[SourceQuality "1"]
[WhiteTeam "Gliwice Carbo U19"]
[BlackTeam "Bogatynia UKS SP3 U19"]
[WhiteTeamCountry "POL"]
[BlackTeamCountry "POL"]

1. e4 c5 2. Nc3 Nc6 3. f4 g6 4. Nf3 Bg7 5. Bc4 d6 6. 0-0 e6 7. d3 Nge7 8. Qe1 0-0 9. Bb3 d5 10. f5 dxe4 11. f6 Bxf6 12. Nxe4 Bg7 13. Bg5 f6 14. Bf4 Na5 15. Nxc5 Nxb3 16. axb3 e5 17. Be3 b6 18. Na4 Nd5 19. Bd2 Bb7 20. d4 exd4 21. Nxd4 Re8 22. Qf2 f5 23. Rad1 Bf6 24. Nf3 0-1

[Event "POL-chT U19 2nd League"]
[Site "Lublin"]
[Date "2007.07.11"]
[Round "6"]
[White "Efinowicz, Michal"]
[Black "Pigula, Marek"]
[Result "0-1"]
[WhiteElo "2078"]
[BlackElo "2141"]
[PlyCount "56"]
[EventDate "2007.07.07"]
[EventType "team-swiss"]
[EventRounds "11"]
[EventCountry "POL"]
[SourceTitle "EXT 2010"]
[Source "ChessBase"]
[SourceDate "2010.11.25"]
[SourceVersion "1"]
[SourceVersionDate "2010.11.25"]
[SourceQuality "1"]
[WhiteTeam "Wroclaw KS Polonia U19"]
[BlackTeam "Bogatynia UKS SP3 U19"]
[WhiteTeamCountry "POL"]
[BlackTeamCountry "POL"]

1. c4 Nf6 2. Nc3 g6 3. g3 Bg7 4. Bg2 0-0 5. e4 d6 6. Nge2 c5 7. 0-0 Nc6 8. h3 Bd7 9. Kh2 a6 10. f4 Rb8 11. a4 Nd4 12. Nxd4 cxd4 13. Ne2 e5 14. b4 d3 15. Nc3 exf4 16. Rxf4 Be6 17. Ra3 Nh5 18. Nd5 Nxf4 19. gxf4 Qh4 20. Rxd3 Bxd5 21. Rxd5 Qxf4+ 22. Kg1 Be5 23. d4 Qh2+ 24. Kf1 f5 25. dxe5 fxe4+ 26. Ke1 Qxg2 27. Qe2 Qg1+ 28. Kd2 Rf2 0-1

[Event "POL Academic Cup 2nd"]
[Site "Wroclaw"]
[Date "2007.05.02"]
[Round "7"]
[White "Pigula, Marek"]
[Black "Jurkowski, Marcin"]
[Result "1/2-1/2"]
[WhiteElo "2093"]
[BlackElo "1996"]
[PlyCount "50"]
[EventDate "2007.04.28"]
[EventType "swiss"]
[EventRounds "9"]
[EventCountry "POL"]
[SourceTitle "EXT 2011"]
[Source "ChessBase"]
[SourceDate "2010.11.26"]
[SourceVersion "1"]
[SourceVersionDate "2010.11.26"]
[SourceQuality "1"]

1. e4 c5 2. Nf3 d6 3. d4 cxd4 4. Nxd4 Nf6 5. Nc3 g6 6. Be3 Bg7 7. f3 Nc6 8. Bc4 Bd7 9. Qd2 Qc8 10. Bb3 Na5 11. 0-0-0 Nc4 12. Bxc4 Qxc4 13. Bh6 0-0 14. h4 Rfc8 15. Bxg7 Kxg7 16. h5 Rc5 17. hxg6 fxg6 18. Qh6+ Kg8 19. Nb3 Rc7 20. Rd2 Qf7 21. Kb1 Rac8 22. Qg5 b6 23. Nd4 Rc5 24. Qe3 Ra5 25. Nb3 Rh5 1/2-1/2